5 Northernmost Major Cities by Continent (with a map) - Statistics

General Stats
  • This quiz has been taken 185 times
  • The average score is 21 of 30
Answers on the Map
Answers color-coded by a green-red scale on the quiz's map according to % correct below.
 
Answer Stats
Cities % Correct
Seattle
98%
Oslo
96%
Helsinki
95%
Stockholm
95%
Saint Petersburg
94%
Vancouver
94%
Tunis
93%
Caracas
91%
Algiers
90%
Portland
90%
Calgary
88%
Edmonton
88%
Sydney
81%
Auckland
79%
Perth
79%
Brisbane
76%
Adelaide
74%
Novosibirsk
63%
Yekaterinburg
58%
Omsk
57%
Oran
56%
Tangier
56%
Barranquilla
53%
Maracaibo
49%
Cartagena
46%
Perm
40%
Chelyabinsk
35%
Krasnoyarsk
25%
Sousse
24%
Maracay
15%
No matching quizzes found
Score Distribution
Percent of People with Each Score
Percentile by Number Answered
Your Score History
You have not taken this quiz